000 00444nam a22001697a 4500
005 20180801163455.0
008 160513b xxu||||| |||| 00| 0 eng d
020 _a81-7629-079-3
041 _aeng
082 _b2149
_a658.3
100 _aArya, P.P and Tandon, B.B.
_94690
245 _aHuman Resource Development
260 _aNew Delhi
_bDeep & Deep Publication Pvt. Ltd.
_c1998
300 _a504p,
650 _aManagement
_9241
942 _cBK
999 _c787
_d787